Making economic policy in Congress / (Record no. 3526)

MARC details
000 -LEADER
fixed length control field 01407pam a2200301 a 4500
001 - CONTROL NUMBER
control field 2350736
003 - CONTROL NUMBER IDENTIFIER
control field OSt
005 - DATE AND TIME OF LATEST TRANSACTION
control field 20230703164334.0
008 - FIXED-LENGTH DATA ELEMENTS--GENERAL INFORMATION
fixed length control field 830725s1983 dcua b 001 0 eng
010 ## - LIBRARY OF CONGRESS CONTROL NUMBER
LC control number 83015501
020 ## - INTERNATIONAL STANDARD BOOK NUMBER
International Standard Book Number 0844735345
020 ## - INTERNATIONAL STANDARD BOOK NUMBER
International Standard Book Number 0844735353 (pbk.)
040 ## - CATALOGING SOURCE
Original cataloging agency DLC
Transcribing agency DLC
Modifying agency DLC
043 ## - GEOGRAPHIC AREA CODE
Geographic area code n-us---
082 00 - DEWEY DECIMAL CLASSIFICATION NUMBER
Classification number 338.973
Item number SCH
245 00 - TITLE STATEMENT
Title Making economic policy in Congress /
Statement of responsibility, etc. edited by Allen Schick.
260 ## - PUBLICATION, DISTRIBUTION, ETC. (IMPRINT)
Place of publication, distribution, etc. Washington :
Name of publisher, distributor, etc. American Enterprise Institute for Public Policy Research,
Date of publication, distribution, etc. c1983.
300 ## - PHYSICAL DESCRIPTION
Extent xii, 282 p. :
Other physical details ill. ;
Dimensions 23 cm.
440 #0 - SERIES STATEMENT/ADDED ENTRY--TITLE
Title AEI studies ;
Volume/sequential designation 391
440 #0 - SERIES STATEMENT/ADDED ENTRY--TITLE
Title Studies in political and social processes
504 ## - BIBLIOGRAPHY, ETC. NOTE
Bibliography, etc Includes bibliographical references and index.
505 0# - FORMATTED CONTENTS NOTE
Formatted contents note Congress and the dilemma of economic policy / Lance T. Leloup -- Getting, using, and misusing economic information / Robert D. Reischauer -- Budget control in a redistributive environment / John W. Ellwood -- The politics of subtraction / Naomi Caiden -- Congress and redistribution / John Ferejohn -- The cry-and-sigh syndrome / Robert Pastor -- Tax policy / Catherine E. Rudder -- Making regulatory policy / Mark V. Nadel -- The distributive Congress / Allen Schick.
610 10 - SUBJECT ADDED ENTRY--CORPORATE NAME
Corporate name or jurisdiction name as entry element United States.
Subordinate unit Congress.
651 #0 - SUBJECT ADDED ENTRY--GEOGRAPHIC NAME
Geographic name United States
General subdivision Economic policy.
700 1# - ADDED ENTRY--PERSONAL NAME
Personal name Schick, Allen.
906 ## - LOCAL DATA ELEMENT F, LDF (RLIN)
a 7
b cbc
c orignew
d 1
e ocip
f 19
g y-gencatlg
942 ## - ADDED ENTRY ELEMENTS (KOHA)
Source of classification or shelving scheme Dewey Decimal Classification
Koha item type Books
Holdings
Withdrawn status Lost status Source of classification or shelving scheme Damaged status Not for loan Home library Current library Date acquired Total Checkouts Full call number Barcode Date last seen Price effective from Koha item type
    Dewey Decimal Classification     County Hall Archives County Hall Archives 07/03/2023   338.973 SCH 10000368 07/03/2023 07/03/2023 Books
LIBRARY OPENING HOURS

When the Parliament is sitting: 8.00a.m - 7.00p.m or until the house adjourns
Mondays and Fridays and when the House is on Recess:  8.00a.m - 5.00p.m
Closed on Weekends and Public Holidays

Online Public Access Catalog (OPAC)
Website: http://www.parliament.go.ke
Bunge Library: https://libraryir.parliament.go.ke
Contact: library@parliament.go.ke | Tel no: (254-2)2221291 or 2848000 Ext 5043